How to train your dragon book 11 : (Record no. 367943)
[ view plain ]
| 000 -LEADER | |
|---|---|
| fixed length control field | 01227nam a22003017a 4500 |
| 003 - CONTROL NUMBER IDENTIFIER | |
| control field | 0 |
| 005 - DATE AND TIME OF LATEST TRANSACTION | |
| control field | 20250913102850.0 |
| 008 - FIXED-LENGTH DATA ELEMENTS--GENERAL INFORMATION | |
| fixed length control field | 250913b xxu||||| |||| 00| 0 eng d |
| 020 ## - INTERNATIONAL STANDARD BOOK NUMBER | |
| International Standard Book Number | 978-0-316-24411-4 |
| 050 ## - LIBRARY OF CONGRESS CALL NUMBER | |
| Classification number | PZ 7.1 |
| Item number | .C835 2014 |
| 100 ## - MAIN ENTRY--PERSONAL NAME | |
| Personal name | Cowell, Cressida, |
| Relator term | author, |
| -- | illustrator. |
| 245 ## - TITLE STATEMENT | |
| Title | How to train your dragon book 11 : |
| Remainder of title | how to betray a dragon’s hero / |
| Statement of responsibility, etc | Cressida Cowell. |
| 250 ## - EDITION STATEMENT | |
| Edition statement | First U.S. paperback edition. |
| 260 ## - PUBLICATION, DISTRIBUTION, ETC. (IMPRINT) | |
| Place of publication, distribution, etc | New York : |
| Name of publisher, distributor, etc | Little, Brown and Company, |
| Date of publication, distribution, etc | 2014. |
| 300 ## - PHYSICAL DESCRIPTION | |
| Extent | 366 pages : |
| Other physical details | illustrations ; |
| Dimensions | 20 cm. |
| 490 ## - SERIES STATEMENT | |
| Series statement | How to train your dragon ; |
| Volume number/sequential designation | bk. 11 |
| 500 ## - GENERAL NOTE | |
| General note | Originally published in the U.K. by Hodder Children’s Books, 2013. |
| 520 ## - SUMMARY, ETC. | |
| Summary, etc | With the Doomsday of Yule approaching, Hiccup Horrendous Haddock III faces betrayal, peril, and the greatest challenge yet as he seeks to unite humans and dragons before it is too late. |
| 650 ## - SUBJECT ADDED ENTRY--TOPICAL TERM | |
| Topical term or geographic name as entry element | Vikings |
| Form subdivision | Fiction. |
| 650 ## - SUBJECT ADDED ENTRY--TOPICAL TERM | |
| Topical term or geographic name as entry element | Dragons |
| Form subdivision | Fiction. |
| 650 ## - SUBJECT ADDED ENTRY--TOPICAL TERM | |
| Topical term or geographic name as entry element | Betrayal |
| Form subdivision | Fiction. |
| 650 ## - SUBJECT ADDED ENTRY--TOPICAL TERM | |
| Topical term or geographic name as entry element | Quests (Expeditions) |
| Form subdivision | Fiction. |
| 650 ## - SUBJECT ADDED ENTRY--TOPICAL TERM | |
| Topical term or geographic name as entry element | Friendship |
| Form subdivision | Fiction. |
| 650 ## - SUBJECT ADDED ENTRY--TOPICAL TERM | |
| Topical term or geographic name as entry element | Fathers and sons |
| Form subdivision | Fiction. |
| 650 ## - SUBJECT ADDED ENTRY--TOPICAL TERM | |
| Topical term or geographic name as entry element | Humorous stories. |
| 830 ## - SERIES ADDED ENTRY--UNIFORM TITLE | |
| Uniform title | How to train your dragon ; |
| Version | bk. 11. |
| 942 ## - ADDED ENTRY ELEMENTS (KOHA) | |
| Source of classification or shelving scheme | Library of Congress Classification |
| Koha item type | Books |
| Withdrawn status | Lost status | Source of classification or shelving scheme | Damaged status | Home library | Current library | Shelving location | Date acquired | Source of acquisition | Total Checkouts | Full call number | Barcode | Date last seen | Price effective from | Koha item type |
|---|---|---|---|---|---|---|---|---|---|---|---|---|---|---|
| Library of Congress Classification | Luxembourg Library | Luxembourg Library | Fiction Section | 11/19/2024 | Library Fund | PZ 7.1 .C835 2014 | 21474 | 09/13/2025 | 09/13/2025 | Books |